[Event "Pocos de Caldas op"]
[Site "Pocos de Caldas"]
[Date "2023.03.18"]
[Round "3"]
[White "Moura, Otavio Silva"]
[Black "Cezar, Ricardo de Almeida"]
[Result "0-1"]
[WhiteElo "1800"]
[BlackElo "1765"]
[PlyCount "64"]
[EventDate "2023.03.17"]
[EventType "swiss"]
[EventRounds "6"]
[EventCountry "BRA"]
[SourceTitle "EXT 2024"]
[Source "ChessBase"]
[SourceDate "2023.10.10"]
[SourceVersion "1"]
[SourceVersionDate "2023.10.10"]
[SourceQuality "1"]

1. e4 c5 2. Nf3 d6 3. d4 cxd4 4. Nxd4 Nf6 5. Nc3 a6 6. Be2 e5 7. Nf3 Be7 8. 0-0 0-0 9. Re1 b5 10. Bd3 Bb7 11. a3 Nbd7 12. h3 Nc5 13. b4 Ne6 14. Nd5 Nxd5 15. exd5 Nc7 16. c4 f5 17. Bf1 bxc4 18. Bxc4 Rc8 19. Nxe5 Bf6 20. Nc6 Bxc6 21. dxc6+ d5 22. Bxa6 Nxa6 23. Ra2 Nc7 24. a4 Ra8 25. Qd3 Qd6 26. b5 Rfb8 27. Qb1 Qxc6 28. Bf4 Qb6 29. Rc1 Rb7 30. Rc6 Qxc6 31. bxc6 Rxb1+ 32. Kh2 Ne6 0-1

[Event "Pocos de Caldas op"]
[Site "Pocos de Caldas"]
[Date "2023.03.17"]
[Round "1"]
[White "Moura, Otavio Silva"]
[Black "Machado, Gilmar Dias"]
[Result "0-1"]
[WhiteElo "1800"]
[BlackElo "1816"]
[PlyCount "54"]
[EventDate "2023.03.17"]
[EventType "swiss"]
[EventRounds "6"]
[EventCountry "BRA"]
[SourceTitle "EXT 2024"]
[Source "ChessBase"]
[SourceDate "2023.10.10"]
[SourceVersion "1"]
[SourceVersionDate "2023.10.10"]
[SourceQuality "1"]

1. e4 e5 2. Nf3 Nc6 3. Bc4 Bc5 4. d3 d6 5. c3 h6 6. Bb3 Nf6 7. Nbd2 0-0 8. 0-0 Kh8 9. Re1 Ng4 10. Re2 f5 11. h3 Nf6 12. Nh4 Ne7 13. exf5 Bxf5 14. Nxf5 Nxf5 15. Nf1 Qd7 16. Ne3 Nh4 17. d4 exd4 18. cxd4 Bb6 19. Ng4 Qc6 20. d5 Qd7 21. Nxf6 Rxf6 22. Be3 Qf7 23. Bxb6 Qg6 24. Qf1 axb6 25. Kh1 Raf8 26. Rae1 Qh5 27. f3 g5 0-1